Top 10 ranking male tennis players - Statistics

General Stats
  • This quiz has been taken 4,159 times
  • The average score is 7 of 10
Answer Stats
Hint Answer % Correct
3 (ESP) Rafael Nadal
99%
1 (SUI) Roger Federer
99%
2 (SRB) Novak Djokovic
97%
4 (GBR) Andy Murray
94%
5 (ESP) David Ferrer
78%
9 (ARG) Juan Martin Del Potro
76%
6 (FRA) Jo-Wilfried Tsonga
74%
7 (CZE) Tomas Berdych
62%
8 (SRB) Janko Tipsarevic
35%
10 (ESP) Nicolas Almagro
27%
No matching quizzes found
Score Distribution
Percent of People with Each Score
Percentile by Number Answered
Your Score History
You have not taken this quiz